[Event "Bydgoszcz Bank Pocztowy op"]
[Site "Bydgoszcz"]
[Date "1999.07.17"]
[Round "6"]
[White "Struk, Jerzy"]
[Black "Nowacki, Tomasz"]
[Result "0-1"]
[WhiteElo "2270"]
[BlackElo "2047"]
[PlyCount "74"]
[EventDate "1999.07.12"]
[EventType "swiss"]
[EventRounds "10"]
[EventCountry "POL"]
[SourceTitle "EXT 2000"]
[Source "ChessBase"]
[SourceDate "1999.11.16"]
[SourceVersion "1"]
[SourceVersionDate "1999.11.16"]
[SourceQuality "1"]

1. e4 Nf6 2. e5 Nd5 3. d4 d6 4. Nf3 Bg4 5. Be2 Nc6 6. exd6 cxd6 7. 0-0 g6 8. c4 Nb6 9. d5 Bxf3 10. gxf3 Ne5 11. f4 Ned7 12. a4 Nf6 13. Be3 Bg7 14. Ra3 0-0 15. Nd2 Nbd7 16. a5 b6 17. b4 Qc7 18. Qb3 Rab8 19. a6 Rfe8 20. Bf3 Rbc8 21. Qa4 e5 22. dxe6 fxe6 23. Rc1 e5 24. Bb7 Rcd8 25. Qd1 exf4 26. Bxf4 Nh5 27. Bg5 Bb2 28. Bd5+ Kh8 29. Rh3 Bxc1 30. Qxc1 Ndf6 31. Qc3 Qg7 32. Rxh5 Nxh5 33. Qxg7+ Kxg7 34. Bxd8 Rxd8 35. Nb3 Nf4 36. Bb7 Ne6 37. Kg2 Kf6 0-1

[Event "POL-chT 2nd div South"]
[Site "Polanica Zdroj"]
[Date "1999.??.??"]
[Round "8"]
[White "Nowacki, Tomasz"]
[Black "Kusina, Jan"]
[Result "1-0"]
[WhiteElo "2091"]
[BlackElo "2126"]
[PlyCount "40"]
[EventDate "1999.09.17"]
[EventType "team-swiss"]
[EventRounds "10"]
[EventCountry "POL"]
[SourceTitle "EXT 2001"]
[Source "ChessBase"]
[SourceDate "2000.11.22"]
[SourceVersion "1"]
[SourceVersionDate "2000.11.22"]
[SourceQuality "1"]
[WhiteTeam "POL-chT 2nd div South 14"]
[BlackTeam "POL-chT 2nd div South 13"]
[WhiteTeamCountry "POL"]
[BlackTeamCountry "POL"]

1. Nf3 d6 2. c4 e6 3. g3 Nf6 4. Bg2 Be7 5. 0-0 0-0 6. Qc2 c6 7. b3 b6 8. Bb2 Bb7 9. d3 c5 10. Nfd2 Nc6 11. Nc3 Qd7 12. a3 Rad8 13. Rad1 d5 14. Nce4 Ng4 15. Nf3 f5 16. Ned2 e5 17. Ne1 Bg5 18. h3 Nf6 19. b4 e4 20. dxe4 Bxd2 1-0

[Event "POL-ch sf U20"]
[Site "Ostrow Wielkopolski"]
[Date "1996.??.??"]
[Round "3"]
[White "Nowacki, Tomasz"]
[Black "Sawicki, Mikolaj"]
[Result "0-1"]
[WhiteElo "2115"]
[BlackElo "2020"]
[PlyCount "51"]
[EventDate "1996.??.??"]
[EventType "swiss"]
[EventRounds "9"]
[EventCountry "POL"]
[SourceTitle "EXT 2006"]
[Source "ChessBase"]
[SourceDate "2005.11.24"]
[SourceVersion "1"]
[SourceVersionDate "2005.11.24"]
[SourceQuality "1"]

1. c4 Nf6 2. Nf3 g6 3. g3 Bg7 4. Bg2 c6 5. 0-0 d5 6. Na3 0-0 7. Rb1 Re8 8. d3 e5 9. b4 e4 10. Nh4 h6 11. dxe4 Nxe4 12. Bxe4 dxe4 13. Qb3 Bg4 14. Rd1 Qe7 15. Qe3 Nd7 16. c5 Nf6 17. Nc4 Nd5 18. Rxd5 cxd5 19. Nd6 Red8 20. Bb2 Bxb2 21. Rxb2 Kh7 22. Qf4 Be6 23. Qe5 Rab8 24. f4 exf3 25. Nxf3 b6 26. Rd2 0-1

[Event "POL-ch sf U20"]
[Site "Ostrow Wielkopolski"]
[Date "1996.??.??"]
[Round "4"]
[White "Oliwa, Patryk"]
[Black "Nowacki, Tomasz"]
[Result "1-0"]
[WhiteElo "2000"]
[BlackElo "2115"]
[PlyCount "101"]
[EventDate "1996.??.??"]
[EventType "swiss"]
[EventRounds "9"]
[EventCountry "POL"]
[SourceTitle "EXT 2006"]
[Source "ChessBase"]
[SourceDate "2005.11.24"]
[SourceVersion "1"]
[SourceVersionDate "2005.11.24"]
[SourceQuality "1"]

1. d4 Nf6 2. Nf3 g6 3. c4 Bg7 4. Nc3 d6 5. g3 0-0 6. Bg2 Nbd7 7. 0-0 e5 8. e4 h6 9. h3 Nh7 10. dxe5 Nxe5 11. Nxe5 dxe5 12. Qc2 c6 13. Be3 f5 14. Rad1 Qf6 15. Bc5 Re8 16. f4 exf4 17. Rxf4 Qg5 18. Qf2 Be5 19. Rf3 Bxc3 20. Rxc3 fxe4 21. Rf1 Be6 22. Bxe4 Qe5 23. Bg2 Ng5 24. Bd4 Qf5 25. Qe2 Nxh3+ 26. Kh2 Qa5 27. b4 Qc7 28. Qd3 Bf5 29. Rxf5 gxf5 30. Qxf5 Qf7 31. Qxh3 Qg6 32. Rf3 Rf8 33. Rxf8+ Rxf8 34. Bxa7 Ra8 35. Be3 Rxa2 36. Qc8+ Kh7 37. Qxb7+ Kg8 38. Qc8+ Kh7 39. Qd7+ Kg8 40. Qd8+ Kh7 41. Qe7+ Kg8 42. Qh4 Kh7 43. Bd4 Re2 44. Qf6 Qh5+ 45. Qh4 Qf7 46. Qg4 Qe7 47. Qf5+ Kg8 48. Qg6+ Kf8 49. Qxh6+ Ke8 50. Qxc6+ Kf7 51. Qd5+ 1-0